Desafíos del crecimiento en Colombia : (Registro nro. 7473)
[ vista simple ]
| 000 -LEADER | |
|---|---|
| fixed length control field | 01546nam a22003137a 4500 |
| 003 - CONTROL NUMBER IDENTIFIER | |
| control field | OSt |
| 005 - DATE AND TIME OF LATEST TRANSACTION | |
| control field | 20210309081629.0 |
| 008 - FIXED-LENGTH DATA ELEMENTS--GENERAL INFORMATION | |
| fixed length control field | 210305r2009 ck ad||fr|||| 00| 0 spa d |
| 020 ## - INTERNATIONAL STANDARD BOOK NUMBER | |
| International Standard Book Number | 9789584461735 |
| 040 ## - CATALOGING SOURCE | |
| Original cataloging agency | CO-JMCR |
| Transcribing agency | CO-JMCR |
| 041 0# - LANGUAGE CODE | |
| Language code of text/sound track or separate title | spa |
| 082 04 - DEWEY DECIMAL CLASSIFICATION NUMBER | |
| Classification number | 338.9861 / |
| Item number | J371d |
| Edition number | 23 |
| 100 1# - MAIN ENTRY--PERSONAL NAME | |
| Personal name | Jaramillo, Fidel, |
| Relator term | editor |
| 9 (RLIN) | 14478 |
| 245 10 - TITLE STATEMENT | |
| Title | Desafíos del crecimiento en Colombia : |
| Remainder of title | ¿políticas deficientes o insuficientes? / |
| Statement of responsibility, etc. | Fidel Jaramillo, editor ; Jerónimo Carballo, Arturo Harker, Marcela Meléndez [y otros 2] |
| 250 ## - EDITION STATEMENT | |
| Edition statement | Primera edición |
| 260 ## - PUBLICATION, DISTRIBUTION, ETC. | |
| Place of publication, distribution, etc. | Bogotá : |
| Name of publisher, distributor, etc. | BID : Fedesarrollo, |
| Date of publication, distribution, etc. | 2009 |
| 300 ## - PHYSICAL DESCRIPTION | |
| Extent | 265 páginas : |
| Other physical details | ilustraciones y gráficos a color ; |
| Dimensions | 24 cm. |
| 500 ## - GENERAL NOTE | |
| General note | Incluye notas a pie de página. |
| 504 ## - BIBLIOGRAPHY, ETC. NOTE | |
| Bibliography, etc. note | Bibliografía al final de cada capítulo. |
| 505 0# - FORMATTED CONTENTS NOTE | |
| Formatted contents note | Crecimiento, inversión y Políticas de Desarrollo productivo en América Latina y Colombia -- Revisando de nuevo el crecimiento económico en Colombia - Una perspectiva Microeconómica -- La política industrial en Colombia -- La promoción de exportaciones en Colombia: ¿cuáles son sus efectos sobre el desempeño exportador de las firmas? |
| 650 14 - SUBJECT ADDED ENTRY--TOPICAL TERM | |
| Topical term or geographic name entry element | Crecimiento económico |
| Geographic subdivision | Colombia |
| 9 (RLIN) | 7354 |
| 650 24 - SUBJECT ADDED ENTRY--TOPICAL TERM | |
| Topical term or geographic name entry element | Crecimiento económico |
| Geographic subdivision | América Latina |
| 9 (RLIN) | 14479 |
| 650 24 - SUBJECT ADDED ENTRY--TOPICAL TERM | |
| Topical term or geographic name entry element | Política industrial |
| Geographic subdivision | Colombia |
| 9 (RLIN) | 14480 |
| 650 24 - SUBJECT ADDED ENTRY--TOPICAL TERM | |
| Topical term or geographic name entry element | Pequeña y mediana empresa |
| 9 (RLIN) | 14481 |
| 700 1# - ADDED ENTRY--PERSONAL NAME | |
| Personal name | Carballo, Jerónimo, |
| Relator term | autor |
| 9 (RLIN) | 14482 |
| 700 1# - ADDED ENTRY--PERSONAL NAME | |
| Personal name | Harker, Arturo, |
| Relator term | autor |
| 9 (RLIN) | 14483 |
| 700 1# - ADDED ENTRY--PERSONAL NAME | |
| Personal name | Meléndez, Marcela, |
| Relator term | autora |
| 9 (RLIN) | 14484 |
| 942 ## - ADDED ENTRY ELEMENTS (KOHA) | |
| Source of classification or shelving scheme | Dewey Decimal Classification |
| Koha item type | Books |
| Withdrawn status | Lost status | Source of classification or shelving scheme | Damaged status | Not for loan | Collection code | Home library | Current library | Date acquired | Source of acquisition | Full call number | Barcode | Date last seen | Copy number | Price effective from | Koha item type |
|---|---|---|---|---|---|---|---|---|---|---|---|---|---|---|---|
| Dewey Decimal Classification | Non-fiction | Biblioteca Pública José María del Castillo y Rada | Biblioteca Pública José María del Castillo y Rada | 10/02/2020 | Donación | 338.9861 / J371d | 201810519 | 05/16/2024 | Ej.1 | 03/05/2021 | Books |